Datum a čas kvízu
19
Celkem bodů
Celkový počet nahraných bodů na tomto kvízu bez doplňovacích otázek.
7.
Pořadí na kvízu
Konečné umístění týmu na tomto kvízu.
Zaznamenané odpovědi
| # | Otázka | Odpověď | Body | Výsledky |
|---|---|---|---|---|
| 1. | Předsedou KDU-ČSL se na pátečn... | Marek Výborný | 0 | |
| 2. | Zatímco porodní oddělení jisté... | Maine | 0 | |
| 3. | Čtvrté manželství amerického h... | Nicolas Cage | 1 | |
| 4. | Po Zootu se v problémech ocitá... | Kulina.cz | 0 | |
| 5. | 37letý záložník, hráč klubu AC... | Marek Matějovský | 0 | |
| 6. | Vaším úkolem bude uhodnout kře... | Jan / Stanislav Tříska | 0 | |
| 7. | Nejstarší muž z naší trojice b... | Otokar / Karel / Michal Březina | 0 | |
| 8. | Nejstarším z další trojice je... | Emanuel / David Moravec; Nikol Moravcová | 0 | |
| 9. | Slovenský jazzový a bluesový z... | Peter / Dua Lipa | 0 | |
| 10. | Americký politik a aktivista,... | John / James / Melanie Brown | 0 |